| 000 | 00329cam a22001217a 4500 | ||
|---|---|---|---|
| 008 | 180718b1979 xxu||||| |||| 00| 0 eng d | ||
| 082 | _aAB M729s | ||
| 100 | _aMoitra, Suresh Chandra | ||
| 245 |
_aSelections from Jnanannesan _cby Suresh Chandra Moitra |
||
| 260 |
_aCalcutta _bPrajna _c1979 |
||
| 300 | _a121p. | ||
| 650 | _aReligion | ||
| 999 |
_c379999 _d379999 |
||